00733nam a2200193 a 450000100100000000500170001000800410002704000250006808200190009310000290011224501110014126000490025230000210030170000230032270000290034570000310037495201170040599900170052200003706920200930080124.0120209s1981 ag 000 0 spa d aDO-SdBNPbspacBNPHU axxxxxxbxxxxxx1 aJ. Farley, Philip96348410aArmas a través del océano /cPhilip J. Farley, Stephen S. y William H. Lewis ; traductor Luis F. Coco. aArgentina, :bEdiciones tres tiempos,c1981. a169 p. ;c20 cm.1 aS., Stephen9634851 aH. Lewis, William9634861 aCoco, Luis F.,etr.911592 001050718MOaGRbGRcHDd2012-02-09iLF1l0oxxxxxx xxxxxxp37069-10r2020-06-25w2020-06-25y1ZNo se presta c36559d36559